| Tag |
First Indicator |
Second Indicator |
Subfields |
| LEADER |
00000cam a2200000 a 4500 |
| 001 |
in00000901607 |
| 005 |
20150923174218.0 |
| 007 |
hd afv---baca |
| 007 |
hz bfv---baaa |
| 008 |
830523s1655 miu a 00000 eng d |
| 035 |
|
|
|a (OCoLC)09538412
|
| 035 |
|
|
|9 AEM2835AM
|
| 037 |
|
|
|a CL0037000045
|b University Microfilms International
|
| 037 |
|
|
|b University Microfilms International, 300 N. Zeeb Rd., Ann Arbor, MI 48106
|
| 040 |
|
|
|a UMI
|c UMI
|d m/c
|d UtOrBLW
|
| 043 |
|
|
|a e-uk-ie
|
| 045 |
2 |
|
|b d1649
|b d1660
|
| 049 |
|
|
|a TXAI
|
| 090 |
|
|
|a DA944.4
|b .G66
|
| 099 |
|
|
|a film
|a B
|a 3609
|
| 100 |
1 |
|
|a Gookin, Vincent,
|d 1616?-1659.
|
| 245 |
1 |
4 |
|a The great case of transplantation in Ireland discussed, or, Certain considerations :
|b wherein the many great inconveniences in the transplanting the natives of Ireland generally out of the three provinces of Leinster, Ulster, and Munster into the province of Connaught are shewn /
|c humbly tendered to every individual member of Parliament by a well-wisher to the good of the commonwealth of England.
|
| 264 |
|
3 |
|a London :
|b Printed for John Crook,
|c 1655.
|
| 300 |
|
|
|a 1 unnumbered leaf, 32 pages
|
| 336 |
|
|
|a text
|b txt
|2 rdacontent
|
| 337 |
|
|
|a microform
|b h
|2 rdamedia
|
| 338 |
|
|
|a microfilm reel
|b hd
|2 rdacarrier
|
| 500 |
|
|
|a Includes 2d title page with imprint: London : Printed for I.C., 1655.
|
| 500 |
|
|
|a Reproduction of original in the Bodleian Library.
|
| 510 |
4 |
|
|a Wing
|c G1274.
|
| 533 |
|
|
|a Microfilm.
|b Ann Arbor, Mich. :
|c University Microfilms International,
|d 1982.
|e 1 microfilm reel ; 35 mm.
|f (Early English books, 1641-1700 ; 1331:43)
|
| 500 |
|
|
|a Microform.
|
| 651 |
|
0 |
|a Ireland
|x History
|y 1649-1660.
|
| 740 |
0 |
|
|a Certain considerations.
|
| 830 |
|
0 |
|a Early English books, 1641-1700 ;
|v 1331:43.
|
| 999 |
|
|
|a MARS
|
| 999 |
f |
f |
|s c6050ba7-db9b-3b97-8cd3-33c7f577b5bf
|i cf6ad216-f0be-36e7-aa65-6adf5a8dc3d0
|t 0
|
| 952 |
f |
f |
|p default
|a Texas A&M University
|b College Station
|c Sterling C. Evans Library
|d Evans: Microforms (3rd floor)
|t 0
|e film B 3609 1331:43
|h Other scheme
|i microform -- microfilm reel
|
| 998 |
f |
f |
|a film B 3609 1331:43
|t 0
|l Evans: Microforms (3rd floor)
|